000
00322nam a22001337a 4500
008
180131b xxu||||| |||| 00| 0 eng d
020
_a
9790060440847
041
_a
eng
080
_2
3 ED
_a
54
100
_a
12
101
_a
KIM
245
_a
MECHANISM AND THEORY IN ORGANIC CHEMISTRY
_c
THOMAS.H.L
942
_2
udc
_c
BK
999
_c
41407
_d
41407